[Event "DSJ Weihnachtsturnier U20w 2020"]
[Site "https://play.chessbase.com/en/play?room=DSJWeihnachtU20w"]
[Date "2020.12.29"]
[Round "5"]
[White "Genova, Magdalina"]
[Black "Göb, Franziska"]
[Result "1-0"]
[Termination "normal"]
[Board "6.4"]
[WhiteElo "1341"]
[BlackElo "900"]
[WhiteTeam "Hamburger SK von 1830"]
[BlackTeam "Schachgemeinschaft Porz"]
[PlyCount "101"]
[WhiteFideId "2919753"]
[BlackFideId "16293177"]
[EventRounds "7"]
[EventType "team-swiss"]
[EventDate "2020.12.29"]

1. c4 {[%emt 0:00:11]} e5 {[%emt 0:00:04]} 2. Nc3 {[%emt 0:00:02]} Nf6 { [%emt
0:00:06]} 3. g3 {[%emt 0:00:05]} d5 {[%emt 0:00:06]} 4. cxd5 {[%emt 0:00: 03]}
Nxd5 {[%emt 0:00:05]} 5. Bg2 {[%emt 0:00:01]} Nxc3 {[%emt 0:00:14]} 6. bxc3
{[%emt 0:00:00]} Nc6 {[%emt 0:00:18]} 7. Nf3 {[%emt 0:00:08]} Bg4 { [%emt
0:00:10]} 8. O-O {[%emt 0:00:02]} Bc5 {[%emt 0:00:09]} 9. Qb3 {[%emt 0: 00:14]}
Rb8 {[%emt 0:00:23]} 10. h3 {[%emt 0:00:09]} Be6 {[%emt 0:00:18]} 11. Qc2
{[%emt 0:00:20]} O-O {[%emt 0:00:08]} 12. Ng5 {[%emt 0:00:04]} g6 {[%emt 0:
00:25]} 13. Nxe6 {[%emt 0:00:24]} fxe6 {[%emt 0:00:05]} 14. d3 {[%emt 0:00:20]}
Qd7 {[%emt 0:00:19]} 15. Bh6 {[%emt 0:00:06]} Rf7 {[%emt 0:00:04]} 16. e3 {
[%emt 0:00:32]} Rd8 {[%emt 0:00:27]} 17. d4 {[%emt 0:00:06]} exd4 {[%emt 0:00:
06]} 18. exd4 {[%emt 0:00:05]} Bb6 {[%emt 0:00:06]} 19. Rae1 {[%emt 0:00:04]}
Re8 {[%emt 0:00:23]} 20. Re2 {[%emt 0:00:13]} e5 {[%emt 0:00:10]} 21. dxe5 {
[%emt 0:00:18]} Nxe5 {[%emt 0:00:08]} 22. Rfe1 {[%emt 0:00:13]} Rfe7 {[%emt 0:
00:38]} 23. Qb3+ {[%emt 0:01:04]} Qe6 {[%emt 0:00:23]} 24. Bf4 {[%emt 0:00:16]}
Qxb3 {[%emt 0:00:09]} 25. axb3 {[%emt 0:00:00]} Nd3 {[%emt 0:00:22]} 26. Rxe7 {
[%emt 0:00:44]} Bxf2+ {[%emt 0:00:14]} 27. Kh2 {[%emt 0:00:09]} Nxe1 {[%emt 0:
00:07]} 28. Rxe8+ {[%emt 0:00:04]} Kf7 {[%emt 0:00:05]} 29. Re2 {[%emt 0:00:16]
} Nxg2 {[%emt 0:00:12]} 30. Rxf2 {[%emt 0:00:07]} Nxf4 {[%emt 0:00:03]} 31.
Rxf4+ {[%emt 0:00:01]} Ke6 {[%emt 0:00:08]} 32. Kg2 {[%emt 0:00:05]} c5 { [%emt
0:00:05]} 33. Kf3 {[%emt 0:00:06]} Kd5 {[%emt 0:00:03]} 34. c4+ {[%emt 0:
00:04]} Kd6 {[%emt 0:00:08]} 35. Rf7 {[%emt 0:00:02]} b6 {[%emt 0:00:19]} 36.
Rxh7 {[%emt 0:00:03]} a6 {[%emt 0:00:04]} 37. Rg7 {[%emt 0:00:02]} Kc6 { [%emt
0:00:13]} 38. Rxg6+ {[%emt 0:00:01]} Kb7 {[%emt 0:00:03]} 39. h4 { [%emt
0:00:02]} b5 {[%emt 0:00:07]} 40. cxb5 {[%emt 0:00:04]} axb5 {[%emt 0:00: 02]}
41. h5 {[%emt 0:00:02]} c4 {[%emt 0:00:02]} 42. bxc4 {[%emt 0:00:02]} b4 {
[%emt 0:00:04]} 43. Ke2 {[%emt 0:00:07]} b3 {[%emt 0:00:02]} 44. Kd2 {[%emt 0:
00:05]} b2 {[%emt 0:00:02]} 45. Kc2 {[%emt 0:00:01]} b1=Q+ {[%emt 0:00:05]} 46.
Kxb1 {[%emt 0:00:01]} Kc7 {[%emt 0:00:03]} 47. h6 {[%emt 0:00:02]} Kd7 { [%emt
0:00:05]} 48. h7 {[%emt 0:00:00]} Ke7 {[%emt 0:00:02]} 49. h8=Q {[%emt 0:
00:01]} Kf7 {[%emt 0:00:02]} 50. Qh7+ {[%emt 0:00:02]} Kf8 {[%emt 0:00:04]} 51.
Rg8# {[%emt 0:00:00]} 1-0

[Event "DSJ Weihnachtsturnier U20w 2020"]
[Site "https://play.chessbase.com/en/play?room=DSJWeihnachtU20w"]
[Date "2020.12.29"]
[Round "5"]
[White "Werner, Rosalie"]
[Black "Ley, Sabrina"]
[Result "0-1"]
[Termination "normal"]
[Board "7.1"]
[WhiteElo "1751"]
[BlackElo "1866"]
[WhiteTeam "VSG 1880 Offenbach"]
[BlackTeam "SC Landskrone"]
[PlyCount "42"]
[WhiteFideId "16223748"]
[BlackFideId "12938130"]
[EventRounds "7"]
[EventType "team-swiss"]
[EventDate "2020.12.29"]

1. e4 {[%emt 0:00:02]} d5 {[%emt 0:00:04]} 2. exd5 {[%emt 0:00:04]} Qxd5 {
[%emt 0:00:02]} 3. Nc3 {[%emt 0:00:03]} Qd6 {[%emt 0:00:02]} 4. d4 {[%emt 0:00:
03]} Nf6 {[%emt 0:00:03]} 5. Nf3 {[%emt 0:00:06]} a6 {[%emt 0:00:02]} 6. g3 {
[%emt 0:00:08]} Nc6 {[%emt 0:00:11]} 7. Bg2 {[%emt 0:00:07]} Bg4 {[%emt 0:00:
03]} 8. Bf4 {[%emt 0:00:22]} Qb4 {[%emt 0:00:06]} 9. Qd2 {[%emt 0:00:24]} O-O-O
{[%emt 0:00:08]} 10. O-O-O {[%emt 0:00:16]} Bxf3 {[%emt 0:00:10]} 11. Bxf3 {
[%emt 0:00:05]} Nxd4 {[%emt 0:00:10]} 12. Kb1 {[%emt 0:00:38]} e6 {[%emt 0:00:
36]} 13. Be3 {[%emt 0:00:17]} Bc5 {[%emt 0:00:11] Offenba2-001 reconnected.}
14. Bg2 {[%emt 0:00:35]} Nb5 {[%emt 0:01:41]} 15. Qe1 {[%emt 0:00:10]} Bxe3 {
[%emt 0:00:27]} 16. Qxe3 {[%emt 0:00:17]} Na3+ {[%emt 0:00:05]} 17. Kc1 { [%emt
0:00:06]} Nc4 {[%emt 0:00:08]} 18. Rxd8+ {[%emt 0:01:23]} Rxd8 {[%emt 0:
00:05]} 19. Bxb7+ {[%emt 0:00:04]} Qxb7 {[%emt 0:00:17]} 20. b3 {[%emt 0:00:14]
} Nxe3 {[%emt 0:00:04]} 21. fxe3 {[%emt 0:00:03]} Qxh1+ {[%emt 0:00:02]} 0-1

[Event "DSJ Weihnachtsturnier U20w 2020"]
[Site "https://play.chessbase.com/en/play?room=DSJWeihnachtU20w"]
[Date "2020.12.29"]
[Round "5"]
[White "Dixon Quiroz, Laura Michaela"]
[Black "Müller, Riyanna"]
[Result "1-0"]
[Termination "normal"]
[Board "7.3"]
[WhiteElo "1304"]
[BlackElo "1364"]
[WhiteTeam "VSG 1880 Offenbach"]
[BlackTeam "SC Landskrone"]
[PlyCount "61"]
[WhiteFideId "16248708"]
[BlackFideId "16287401"]
[EventRounds "7"]
[EventType "team-swiss"]
[EventDate "2020.12.29"]

1. e4 {[%emt 0:00:06]} e5 {[%emt 0:00:02]} 2. Nf3 {[%emt 0:00:02]} Nc6 { [%emt
0:00:01]} 3. Bc4 {[%emt 0:00:03]} Bc5 {[%emt 0:00:02]} 4. c3 {[%emt 0:00: 03]}
Nf6 {[%emt 0:00:02]} 5. d4 {[%emt 0:00:02]} exd4 {[%emt 0:00:02]} 6. e5 { [%emt
0:00:02]} d5 {[%emt 0:00:07]} 7. Bb5 {[%emt 0:00:03]} Ne4 {[%emt 0:00:06] } 8.
cxd4 {[%emt 0:00:02]} Bb4+ {[%emt 0:00:04]} 9. Bd2 {[%emt 0:00:08]} Bxd2+
{[%emt 0:00:05]} 10. Nbxd2 {[%emt 0:00:02]} Nxd2 {[%emt 0:00:02]} 11. Qxd2 {
[%emt 0:00:08]} Bd7 {[%emt 0:00:02]} 12. O-O {[%emt 0:00:09]} O-O {[%emt 0:00:
03]} 13. Bd3 {[%emt 0:00:08]} Qe7 {[%emt 0:00:12]} 14. a3 {[%emt 0:00:08]} a6 {
[%emt 0:00:07]} 15. h3 {[%emt 0:00:13]} Rae8 {[%emt 0:00:23]} 16. Qe3 {[%emt 0:
00:06]} f6 {[%emt 0:00:05]} 17. Rae1 {[%emt 0:00:38]} fxe5 {[%emt 0:00:04]} 18.
dxe5 {[%emt 0:00:08]} b5 {[%emt 0:00:10]} 19. b4 {[%emt 0:00:31]} Bf5 {[%emt 0:
00:32]} 20. Nd4 {[%emt 0:01:18]} Nxd4 {[%emt 0:00:16]} 21. Qxd4 {[%emt 0:00:03]
} Bxd3 {[%emt 0:00:06]} 22. Qxd5+ {[%emt 0:00:14]} Qe6 {[%emt 0:00:16]} 23.
Qxd3 {[%emt 0:00:05]} Rf5 {[%emt 0:00:12]} 24. f4 {[%emt 0:00:26]} Ref8 { [%emt
0:00:14]} 25. Qd4 {[%emt 0:00:19]} Qb6 {[%emt 0:00:13]} 26. Qxb6 { [%emt
0:00:13]} cxb6 {[%emt 0:00:01]} 27. Re4 {[%emt 0:00:04]} Kf7 {[%emt 0:00: 04]}
28. g4 {[%emt 0:00:05]} Ke6 {[%emt 0:00:25]} 29. gxf5+ {[%emt 0:00:08]} Rxf5
{[%emt 0:00:00]} 30. Rd4 {[%emt 0:00:07]} g6 {[%emt 0:00:04]} 31. Rd6+ { [%emt
0:00:04]} 1-0

[Event "DSJ Weihnachtsturnier U20w 2020"]
[Site "https://play.chessbase.com/en/play?room=DSJWeihnachtU20w"]
[Date "2020.12.29"]
[Round "5"]
[White "Zhou, Lepu Coco"]
[Black "Lange, Cecilia"]
[Result "1-0"]
[Termination "normal"]
[Board "8.1"]
[WhiteElo "1882"]
[BlackElo "1965"]
[WhiteTeam "SC Weisse Dame"]
[BlackTeam "TSG Oberschöneweide"]
[PlyCount "35"]
[WhiteFideId "16217136"]
[BlackFideId "12976040"]
[EventRounds "7"]
[EventType "team-swiss"]
[EventDate "2020.12.29"]

1. e4 {[%emt 0:00:41]} e6 {[%emt 0:00:03]} 2. d4 {[%emt 0:00:09]} d5 {[%emt 0:
00:01]} 3. Nc3 {[%emt 0:00:08]} Nf6 {[%emt 0:00:15]} 4. Bg5 {[%emt 0:00:03]}
Be7 {[%emt 0:00:03]} 5. e5 {[%emt 0:00:02]} Nfd7 {[%emt 0:00:06]} 6. Bxe7 {
[%emt 0:00:01]} Qxe7 {[%emt 0:00:02]} 7. f4 {[%emt 0:00:02]} a6 {[%emt 0:00:09]
} 8. Nf3 {[%emt 0:00:01]} c5 {[%emt 0:00:02]} 9. dxc5 {[%emt 0:00:06]} Nxc5 {
[%emt 0:00:02]} 10. Qd2 {[%emt 0:00:05]} Bd7 {[%emt 0:00:04]} 11. O-O-O { [%emt
0:00:09]} Nc6 {[%emt 0:00:02]} 12. Nd4 {[%emt 0:01:00]} Nxd4 {[%emt 0:00: 14]}
13. Qxd4 {[%emt 0:00:01]} O-O {[%emt 0:00:16]} 14. f5 {[%emt 0:00:11]} Bc6
{[%emt 0:00:26]} 15. f6 {[%emt 0:00:06]} gxf6 {[%emt 0:00:06]} 16. exf6 { [%emt
0:00:02]} Qd6 {[%emt 0:00:54]} 17. Qg4+ {[%emt 0:00:03]} Kh8 {[%emt 0:00: 02]}
18. Qg7# {[%emt 0:00:01]} 1-0

[Event "DSJ Weihnachtsturnier U20w 2020"]
[Site "https://play.chessbase.com/en/play?room=DSJWeihnachtU20w"]
[Date "2020.12.29"]
[Round "5"]
[White "Lorenz, Veronika"]
[Black "Fayngold, Sophie"]
[Result "1-0"]
[Termination "normal"]
[Board "8.2"]
[WhiteElo "1336"]
[BlackElo "1222"]
[WhiteTeam "TSG Oberschöneweide"]
[BlackTeam "SC Weisse Dame"]
[PlyCount "149"]
[WhiteFideId "16277406"]
[BlackFideId "16244761"]
[EventRounds "7"]
[EventType "team-swiss"]
[EventDate "2020.12.29"]

1. e4 {[%emt 0:00:06]} e5 {[%emt 0:00:03]} 2. Nf3 {[%emt 0:00:05]} Nc6 { [%emt
0:00:02]} 3. d4 {[%emt 0:00:04]} exd4 {[%emt 0:00:01]} 4. Bc4 {[%emt 0: 00:02]}
Bc5 {[%emt 0:00:21]} 5. c3 {[%emt 0:00:05]} dxc3 {[%emt 0:00:07]} 6. Bxf7+
{[%emt 0:00:07]} Kxf7 {[%emt 0:00:28]} 7. Qd5+ {[%emt 0:00:03]} Ke8 { [%emt
0:00:05]} 8. Qh5+ {[%emt 0:00:11]} Kf8 {[%emt 0:00:23]} 9. Qxc5+ { [%emt
0:00:02]} Qe7 {[%emt 0:00:39]} 10. Qxe7+ {[%emt 0:00:17]} Kxe7 {[%emt 0:
00:08]} 11. Nxc3 {[%emt 0:00:03]} Nf6 {[%emt 0:00:12]} 12. Bg5 {[%emt 0:00:07]}
Kf7 {[%emt 0:00:07]} 13. O-O {[%emt 0:00:15]} d6 {[%emt 0:00:07]} 14. Bxf6 {
[%emt 0:00:53]} gxf6 {[%emt 0:00:51]} 15. Nd5 {[%emt 0:00:04]} Bg4 {[%emt 0:00:
16]} 16. Nxc7 {[%emt 0:00:16]} Rag8 {[%emt 0:00:23]} 17. Nh4 {[%emt 0:00:53]}
Ke7 {[%emt 0:00:25]} 18. Nd5+ {[%emt 0:00:15]} Kf7 {[%emt 0:00:10]} 19. Kh1 {
[%emt 0:00:48]} Ne5 {[%emt 0:00:24]} 20. f3 {[%emt 0:00:05]} Be6 {[%emt 0:00:
17]} 21. Rad1 {[%emt 0:00:16]} Ng6 {[%emt 0:00:11]} 22. Nxg6 {[%emt 0:00:29]}
hxg6 {[%emt 0:00:06]} 23. Nf4 {[%emt 0:00:32]} Ke7 {[%emt 0:00:50]} 24. Nxe6 {
[%emt 0:00:10]} Kxe6 {[%emt 0:00:05]} 25. Rc1 {[%emt 0:00:06]} Rg7 {[%emt 0:00:
13]} 26. Rf2 {[%emt 0:00:12]} Rgh7 {[%emt 0:00:11]} 27. h3 {[%emt 0:00:04]} Rd7
{[%emt 0:00:13]} 28. Rfc2 {[%emt 0:00:04]} Re8 {[%emt 0:00:23]} 29. Rc7 { [%emt
0:00:07]} Rxc7 {[%emt 0:00:19]} 30. Rxc7 {[%emt 0:00:04]} Re7 {[%emt 0: 00:05]}
31. Rxe7+ {[%emt 0:00:31]} Kxe7 {[%emt 0:00:03]} 32. Kg1 {[%emt 0:00: 08]} Ke6
{[%emt 0:00:02]} 33. Kf2 {[%emt 0:00:11]} Ke5 {[%emt 0:00:22]} 34. Ke3 {[%emt
0:00:05]} b6 {[%emt 0:00:30]} 35. f4+ {[%emt 0:00:06]} Ke6 {[%emt 0:00: 06]}
36. Kd4 {[%emt 0:00:08]} a6 {[%emt 0:00:08]} 37. h4 {[%emt 0:00:13]} f5 { [%emt
0:00:34] WeisseD2-002 offers a draw} 38. g3 {[%emt 0:01:09]} a5 {[%emt 0:
00:24]} 39. exf5+ {[%emt 0:01:03]} Kxf5 {[%emt 0:00:24]} 40. Kd5 {[%emt 0:00:
42]} Kg4 {[%emt 0:00:14]} 41. Kxd6 {[%emt 0:00:11]} Kxg3 {[%emt 0:00:05]} 42.
Kc6 {[%emt 0:00:01]} Kxf4 {[%emt 0:00:03]} 43. Kxb6 {[%emt 0:00:02]} Kg4 {
[%emt 0:00:01]} 44. Kxa5 {[%emt 0:00:02]} Kxh4 {[%emt 0:00:01]} 45. b4 { [%emt
0:00:01]} g5 {[%emt 0:00:01]} 46. b5 {[%emt 0:00:01]} g4 {[%emt 0:00:01]} 47.
b6 {[%emt 0:00:01]} g3 {[%emt 0:00:01]} 48. b7 {[%emt 0:00:01]} g2 { [%emt
0:00:01]} 49. b8=Q {[%emt 0:00:02]} g1=Q {[%emt 0:00:02]} 50. Qh8+ { [%emt
0:00:02]} Kg3 {[%emt 0:00:02]} 51. Qg8+ {[%emt 0:00:02]} Kf2 {[%emt 0:00: 03]}
52. Qxg1+ {[%emt 0:00:02]} Kxg1 {[%emt 0:00:01]} 53. Kb6 {[%emt 0:00:02]} Kf2
{[%emt 0:00:01]} 54. a4 {[%emt 0:00:01]} Ke3 {[%emt 0:00:01]} 55. a5 { [%emt
0:00:01]} Kd4 {[%emt 0:00:01]} 56. a6 {[%emt 0:00:01]} Ke5 {[%emt 0:00: 01]}
57. a7 {[%emt 0:00:01]} Kd4 {[%emt 0:00:01]} 58. a8=Q {[%emt 0:00:02]} Ke5
{[%emt 0:00:02]} 59. Qa4 {[%emt 0:00:02]} Kd5 {[%emt 0:00:02]} 60. Qb4 { [%emt
0:00:02]} Ke5 {[%emt 0:00:02]} 61. Qc4 {[%emt 0:00:01]} Kd6 {[%emt 0:00: 02]}
62. Qc5+ {[%emt 0:00:02]} Ke6 {[%emt 0:00:01]} 63. Qd4 {[%emt 0:00:01]} Kf5
{[%emt 0:00:03]} 64. Kc6 {[%emt 0:00:03]} Ke6 {[%emt 0:00:02]} 65. Qd5+ { [%emt
0:00:03]} Kf6 {[%emt 0:00:01]} 66. Qe4 {[%emt 0:00:02]} Kf7 {[%emt 0:00: 02]}
67. Qe5 {[%emt 0:00:01]} Kg6 {[%emt 0:00:02]} 68. Qf4 {[%emt 0:00:01]} Kg7
{[%emt 0:00:02]} 69. Qf5 {[%emt 0:00:02]} Kh6 {[%emt 0:00:01]} 70. Qg4 { [%emt
0:00:01]} Kh7 {[%emt 0:00:01]} 71. Qg5 {[%emt 0:00:01]} Kh8 {[%emt 0:00: 01]}
72. Kd6 {[%emt 0:00:01]} Kh7 {[%emt 0:00:01]} 73. Ke6 {[%emt 0:00:01]} Kh8
{[%emt 0:00:01]} 74. Kf7 {[%emt 0:00:01]} Kh7 {[%emt 0:00:01]} 75. Qg7# { [%emt
0:00:01]} 1-0

[Event "DSJ Weihnachtsturnier U20w 2020"]
[Site "https://play.chessbase.com/en/play?room=DSJWeihnachtU20w"]
[Date "2020.12.29"]
[Round "5"]
[White "Schülke, Rosalie"]
[Black "Fock, Madiha"]
[Result "0-1"]
[Termination "normal"]
[Board "8.3"]
[WhiteElo "1407"]
[BlackElo "1278"]
[WhiteTeam "SC Weisse Dame"]
[BlackTeam "TSG Oberschöneweide"]
[PlyCount "86"]
[WhiteFideId "16287436"]
[BlackFideId "16253574"]
[EventRounds "7"]
[EventType "team-swiss"]
[EventDate "2020.12.29"]

1. e4 {[%emt 0:00:03]} d5 {[%emt 0:00:04]} 2. exd5 {[%emt 0:00:02]} Qxd5 {
[%emt 0:00:07]} 3. Nc3 {[%emt 0:00:02]} Qd6 {[%emt 0:00:03]} 4. d4 {[%emt 0:00:
03]} c6 {[%emt 0:00:02]} 5. Bc4 {[%emt 0:00:06]} Nf6 {[%emt 0:00:06]} 6. Be3 {
[%emt 0:00:04]} Bf5 {[%emt 0:00:07]} 7. Nf3 {[%emt 0:00:03]} e6 {[%emt 0:00:03]
} 8. O-O {[%emt 0:00:13]} Qc7 {[%emt 0:00:03]} 9. Ne5 {[%emt 0:00:26]} Bd6 {
[%emt 0:00:07]} 10. Bf4 {[%emt 0:00:06]} Nbd7 {[%emt 0:00:23]} 11. Re1 { [%emt
0:00:22]} O-O {[%emt 0:00:05]} 12. Qe2 {[%emt 0:01:17]} Nb6 {[%emt 0:00: 26]}
13. Bb3 {[%emt 0:00:12]} Nbd5 {[%emt 0:00:12]} 14. Nxd5 {[%emt 0:00:17]} cxd5
{[%emt 0:00:04]} 15. c3 {[%emt 0:00:12]} Rac8 {[%emt 0:00:48]} 16. Rac1 { [%emt
0:00:11]} Nd7 {[%emt 0:00:23]} 17. Bg3 {[%emt 0:00:50]} Nb6 {[%emt 0:00: 44]}
18. Bc2 {[%emt 0:00:22]} Bg6 {[%emt 0:00:18]} 19. Bxg6 {[%emt 0:00:32]} hxg6
{[%emt 0:00:00]} 20. b3 {[%emt 0:00:16]} Nd7 {[%emt 0:00:12]} 21. c4 { [%emt
0:00:15]} Qd8 {[%emt 0:00:36]} 22. c5 {[%emt 0:00:41]} Bxe5 {[%emt 0:00: 26]}
23. Bxe5 {[%emt 0:00:11]} Nf6 {[%emt 0:00:14]} 24. f3 {[%emt 0:00:09]} Rc6
{[%emt 0:00:25]} 25. b4 {[%emt 0:00:16]} a6 {[%emt 0:00:18]} 26. a4 {[%emt 0:
00:06]} Nd7 {[%emt 0:00:19]} 27. b5 {[%emt 0:00:09]} axb5 {[%emt 0:00:03]} 28.
axb5 {[%emt 0:00:02]} Rc8 {[%emt 0:00:03]} 29. Bd6 {[%emt 0:00:05]} Re8 { [%emt
0:00:03]} 30. b6 {[%emt 0:00:24]} Ra8 {[%emt 0:00:21]} 31. Ra1 {[%emt 0:
00:04]} Nxb6 {[%emt 0:00:24]} 32. cxb6 {[%emt 0:00:07]} Qxd6 {[%emt 0:00:02]}
33. Qb5 {[%emt 0:00:12]} Rec8 {[%emt 0:00:25]} 34. Rec1 {[%emt 0:00:16]} Qf4 {
[%emt 0:00:13]} 35. Rxc8+ {[%emt 0:00:11]} Rxc8 {[%emt 0:00:03]} 36. Qd7 {
[%emt 0:00:21]} Qxd4+ {[%emt 0:00:06]} 37. Kf1 {[%emt 0:00:04]} Qxa1+ {[%emt 0:
00:03]} 38. Kf2 {[%emt 0:00:03]} Rc2+ {[%emt 0:00:08]} 39. Kg3 {[%emt 0:00:01]}
Qe5+ {[%emt 0:00:03]} 40. f4 {[%emt 0:00:13]} Qe3+ {[%emt 0:00:08]} 41. Kg4 {
[%emt 0:00:02]} Rxg2+ {[%emt 0:00:04]} 42. Kh4 {[%emt 0:00:02]} Qxf4+ {[%emt 0:
00:01]} 43. Kh3 {[%emt 0:00:01]} Qg4# {[%emt 0:00:04]} 0-1

[Event "DSJ Weihnachtsturnier U20w 2020"]
[Site "https://play.chessbase.com/en/play?room=DSJWeihnachtU20w"]
[Date "2020.12.29"]
[Round "5"]
[White "Hasselmann, Isabelle Sophia"]
[Black "Bauer, Sophia"]
[Result "0-1"]
[Termination "normal"]
[Board "8.4"]
[WhiteElo "1120"]
[BlackElo "1048"]
[WhiteTeam "TSG Oberschöneweide"]
[BlackTeam "SC Weisse Dame"]
[PlyCount "48"]
[WhiteFideId "16266951"]
[BlackFideId "34620583"]
[EventRounds "7"]
[EventType "team-swiss"]
[EventDate "2020.12.29"]

1. e4 {[%emt 0:00:03]} e5 {[%emt 0:00:03]} 2. Bc4 {[%emt 0:00:02]} Nf6 { [%emt
0:00:05]} 3. d4 {[%emt 0:00:02]} exd4 {[%emt 0:00:11]} 4. Nf3 {[%emt 0: 00:03]}
Nc6 {[%emt 0:00:15]} 5. e5 {[%emt 0:00:02]} Ng4 {[%emt 0:00:12]} 6. Bf4 {[%emt
0:00:13]} Ngxe5 {[%emt 0:00:12]} 7. Bxe5 {[%emt 0:00:02]} Nxe5 {[%emt 0:
00:02]} 8. Nxe5 {[%emt 0:00:02]} Qe7 {[%emt 0:00:11]} 9. Qe2 {[%emt 0:00:16]}
d6 {[%emt 0:00:12]} 10. Nf3 {[%emt 0:00:05]} Bg4 {[%emt 0:00:23]} 11. Qxe7+ {
[%emt 0:00:06]} Bxe7 {[%emt 0:00:02]} 12. Nxd4 {[%emt 0:00:05]} O-O {[%emt 0:
00:04]} 13. O-O {[%emt 0:00:03]} Rfe8 {[%emt 0:00:05]} 14. Re1 {[%emt 0:00:10]}
Bf6 {[%emt 0:00:10]} 15. Nc3 {[%emt 0:00:02]} Bxd4 {[%emt 0:00:10]} 16. Rxe8+ {
[%emt 0:00:03]} Rxe8 {[%emt 0:00:03]} 17. Nd5 {[%emt 0:00:03]} Bxb2 {[%emt 0:
00:31]} 18. Rb1 {[%emt 0:00:07]} Bd4 {[%emt 0:00:11]} 19. Nxc7 {[%emt 0:00:03]}
Rc8 {[%emt 0:00:07]} 20. Nd5 {[%emt 0:00:04]} Rxc4 {[%emt 0:00:06]} 21. Rxb7 {
[%emt 0:00:05]} h6 {[%emt 0:00:11]} 22. Rb8+ {[%emt 0:00:04]} Kh7 {[%emt 0:00:
03]} 23. Rd8 {[%emt 0:00:50]} Rxc2 {[%emt 0:00:08]} 24. Nb4 {[%emt 0:00:18]}
Rc1# {[%emt 0:00:10]} 0-1

[Event "DSJ Weihnachtsturnier U20w 2020"]
[Site "https://play.chessbase.com/en/play?room=DSJWeihnachtU20w"]
[Date "2020.12.29"]
[Round "5"]
[White "Pohle, Saskia"]
[Black "Gubler, Katharina"]
[Result "1-0"]
[Termination "normal"]
[Board "9.1"]
[WhiteElo "1815"]
[BlackElo "1330"]
[WhiteTeam "Schachzwerge Magdeburg"]
[BlackTeam "SK Kelheim 1920"]
[PlyCount "83"]
[WhiteFideId "16201604"]
[BlackFideId "16282990"]
[EventRounds "7"]
[EventType "team-swiss"]
[EventDate "2020.12.29"]

1. e4 {[%emt 0:00:02]} e5 {[%emt 0:00:03]} 2. Nf3 {[%emt 0:00:01]} Nf6 { [%emt
0:00:03]} 3. Nxe5 {[%emt 0:00:02]} d6 {[%emt 0:00:04]} 4. Nf3 {[%emt 0: 00:01]}
Nxe4 {[%emt 0:00:03]} 5. d4 {[%emt 0:00:01]} d5 {[%emt 0:00:04]} 6. Bd3 {[%emt
0:00:16]} Nc6 {[%emt 0:00:22]} 7. O-O {[%emt 0:00:02]} Be7 {[%emt 0:00: 24]} 8.
c4 {[%emt 0:00:02]} O-O {[%emt 0:00:06]} 9. Nc3 {[%emt 0:00:14]} Nxc3 { [%emt
0:00:13]} 10. bxc3 {[%emt 0:00:03]} Be6 {[%emt 0:00:04]} 11. cxd5 { [%emt
0:00:07]} Qxd5 {[%emt 0:00:11]} 12. Bf4 {[%emt 0:00:13]} Bd6 {[%emt 0:00: 12]}
13. c4 {[%emt 0:00:25]} Qa5 {[%emt 0:00:19]} 14. Bxd6 {[%emt 0:00:16]} cxd6
{[%emt 0:00:03]} 15. d5 {[%emt 0:00:01]} Bg4 {[%emt 0:00:35]} 16. dxc6 { [%emt
0:00:09]} bxc6 {[%emt 0:00:06]} 17. Be4 {[%emt 0:00:14]} d5 {[%emt 0:00: 29]}
18. Bxh7+ {[%emt 0:00:41]} Kh8 {[%emt 0:00:17]} 19. Bd3 {[%emt 0:00:12]} Rad8
{[%emt 0:00:19]} 20. cxd5 {[%emt 0:00:03]} Rxd5 {[%emt 0:00:10]} 21. h3 { [%emt
0:00:06]} Bh5 {[%emt 0:00:13]} 22. Qe2 {[%emt 0:00:06]} Qc3 {[%emt 0:00: 18]}
23. Rfd1 {[%emt 0:00:41]} Rfd8 {[%emt 0:00:16]} 24. Ba6 {[%emt 0:00:35]} Bxf3
{[%emt 0:00:25]} 25. gxf3 {[%emt 0:00:02]} Rg5+ {[%emt 0:00:33]} 26. Kh2 {
[%emt 0:00:05]} Rb8 {[%emt 0:00:37]} 27. Qe3 {[%emt 0:00:14]} Qf6 {[%emt 0:00:
07]} 28. Rg1 {[%emt 0:00:18]} Qd6+ {[%emt 0:00:08]} 29. Kh1 {[%emt 0:00:21]}
Rh5 {[%emt 0:00:07]} 30. Rg3 {[%emt 0:00:09]} c5 {[%emt 0:01:22]} 31. Qc3 {
[%emt 0:00:36]} f6 {[%emt 0:00:26]} 32. Qd3 {[%emt 0:00:11]} Qe5 {[%emt 0:00:
08]} 33. Rag1 {[%emt 0:00:23]} Qe6 {[%emt 0:00:27]} 34. Kh2 {[%emt 0:00:12]}
Qe7 {[%emt 0:00:10]} 35. Qg6 {[%emt 0:00:04]} Rg5 {[%emt 0:00:28]} 36. Rxg5 {
[%emt 0:00:07]} fxg5 {[%emt 0:00:07]} 37. Qxg5 {[%emt 0:00:01]} Qd6+ {[%emt 0:
00:09]} 38. Qg3 {[%emt 0:00:01]} Qf8 {[%emt 0:00:08]} 39. Qh4+ {[%emt 0:00:05]}
Kg8 {[%emt 0:00:07]} 40. Bc4+ {[%emt 0:00:01]} Qf7 {[%emt 0:00:02]} 41. Bxf7+ {
[%emt 0:00:01]} Kxf7 {[%emt 0:00:01]} 42. Qf4+ {[%emt 0:00:02]} 1-0

[Event "DSJ Weihnachtsturnier U20w 2020"]
[Site "https://play.chessbase.com/en/play?room=DSJWeihnachtU20w"]
[Date "2020.12.29"]
[Round "5"]
[White "Bangsa, Citra"]
[Black "Hoffmann, Svenja"]
[Result "0-1"]
[Termination "normal"]
[Board "9.2"]
[WhiteElo "1398"]
[BlackElo "1307"]
[WhiteTeam "SK Kelheim 1920"]
[BlackTeam "Schachzwerge Magdeburg"]
[PlyCount "26"]
[WhiteFideId "34605274"]
[BlackFideId "16287312"]
[EventRounds "7"]
[EventType "team-swiss"]
[EventDate "2020.12.29"]

1. e4 {[%emt 0:00:00]} e5 {[%emt 0:00:13]} 2. Nf3 {[%emt 0:00:04]} Nc6 { [%emt
0:00:03]} 3. Bc4 {[%emt 0:00:01]} Bc5 {[%emt 0:00:02]} 4. d3 {[%emt 0:00: 03]}
Nf6 {[%emt 0:00:02]} 5. Bg5 {[%emt 0:00:02]} d6 {[%emt 0:00:02]} 6. O-O { [%emt
0:00:05]} Be6 {[%emt 0:00:03]} 7. Bb3 {[%emt 0:00:02]} Qd7 {[%emt 0:00: 05]} 8.
Bxf6 {[%emt 0:00:06]} gxf6 {[%emt 0:00:06]} 9. Ba4 {[%emt 0:00:07]} O-O-O
{[%emt 0:00:04]} 10. c3 {[%emt 0:00:04]} Bh3 {[%emt 0:00:09]} 11. Nh4 { [%emt
0:00:17]} Bxg2 {[%emt 0:00:18]} 12. Nxg2 {[%emt 0:00:06]} Rhg8 {[%emt 0:
00:02]} 13. d4 {[%emt 0:00:12]} Qh3 {[%emt 0:00:04] Kelheim2-002 offers a draw}
0-1